Géographie de l'Asie par lettre - F - Statistiques

Statistiques générales
  • Ce quiz a été pris 156 fois
  • Le résultat moyen est 9 sur 20
Statistiques - réponses
Indice Réponse % Correct
Point culminant du Japon Le Mont {Fuji}
98%
Que sont l'Irrawaddy, le Mékong et le Salouen ? Des Fleuves
84%
Préfecture japonaise où s'est déroulé un terrible désastre nucléaire en 2011 Fukushima
84%
Celle entre la Russie et le Kazakhstan est la plus longue du monde qui soit continue La Frontière
80%
Procédé pyrotechnique plutôt festif inventé en Chine médiévale et rapporté en Occident par marco Polo Les Feux d'artifice
79%
Le Laos puis le Japon puis le Bhoutan sont les pays d'Asie avec la plus grande proportion de leur superficie couverte de... Forêts
70%
Boulettes de pois chiches frites très répandue dans la cuisine levantine Les Falafels
66%
Célèbre "croissant" berceau des civilisations du Moyen-Orient Le croissant {Fertile}
58%
Autre nom pour le persan, la langue majoritaire de l'Iran Le Farsi
48%
Nom donné à l'île de Taïwan par les portugais au XVIe siècle Formose
43%
Il y en a 11 en Russie et un seul en Chine Des Fuseaux horaires
38%
Plus grande ville de l'île de Kyushu au sud du Japon Fukuoka
35%
Île indonésienne dont le nom signifie "fleurs" en portugais Florès
34%
Parti politique nationaliste palestinien fondé par Yasser Arafat Le Fatah
32%
Troisième ville la plus peuplée du Pakistan Faisalabad
24%
En Inde, ces arbres sont symboles d'éternité et c'est à l'abri des branches d'un spécimen dit "des pagodes" que Bouddha aurait atteint l'éveil Le Figuier
12%
Chef-lieu de la province chinoise du Fujian Fuzhou
11%
Montagne vietnamienne et point culminant de l'Indochine dans son ensemble Le Fansipan
6%
Vallée abritant près de 20% de la population de l'Asie centrale et à cheval entre l'Ouzbékistan, le Kirghizistan et le Tadjikistan La vallée de {Ferghana}
5%
Firme Taïwannaise de fabrication de produits électroniques réalisant le plus gros chiffre d'affaires à l'exportation en Chine continentale grâce à son implantation à Shenzhen dans le Guangdong. Foxconn
4%
Aucun quiz correspondant
Distribution des résultats
% des personnes avec chaque résultat
Percentile par nombre de réponses
Votre historique - résultats
Vous n’avez pas pris ce quiz